Promoting the sustainable reuse of greenfield soils in construction (Record no. 110564)

MARC details
000 -LEADER
fixed length control field 01411cad a22002175a 4500
001 - CONTROL NUMBER
control field E149625
008 - FIXED-LENGTH DATA ELEMENTS--GENERAL INFORMATION
fixed length control field 100329s2010 xxk f 000 0 eng d
035 ## - SYSTEM CONTROL NUMBER
System control number (Sirsi) u149625
041 0# - LANGUAGE CODE
Language code of text/sound track or separate title eng
110 2# - MAIN ENTRY--CORPORATE NAME
Corporate name or jurisdiction name as entry element Scottish Environment Protection Agency
9 (RLIN) 3523
245 00 - TITLE STATEMENT
Title Promoting the sustainable reuse of greenfield soils in construction
Remainder of title regulatory guidance
Medium [electronic resource]
260 ## - PUBLICATION, DISTRIBUTION, ETC.
Place of publication, distribution, etc. Stirling
Name of publisher, distributor, etc. SEPA
Date of publication, distribution, etc. 2010
505 2# - FORMATTED CONTENTS NOTE
Formatted contents note Introduction -- Scope -- Greenfield soil -- Off-site reuse -- Compliance -- Declaration -- Information sources -- Appendix 1, flowchart -- Appendix 2, declaration form
520 ## - SUMMARY, ETC.
Summary, etc. Excess soils from development sites are usually considered waste, and a waste management licence or a registered exemption under the Environmental Protection Act 1990 and the Waste Management Licensing Regulations 1994 (as amended) is required for their disposal. However, this document outlines a new regulatory position whereby in certain circumstances, the use of such soils will not require a licence or exemption.
590 ## - LOCAL NOTE (RLIN)
Local note KA
651 #4 - SUBJECT ADDED ENTRY--GEOGRAPHIC NAME
Geographic name Scotland
Chronological subdivision 1999-
690 ## - LOCAL SUBJECT ADDED ENTRY--TOPICAL TERM (OCLC, RLIN)
Topical term or geographic name as entry element BUILT ENVIRONMENT-BUILDING MATERIALS-NON CEMENTITIOUS MATERIALS-NATURAL SOILS
690 ## - LOCAL SUBJECT ADDED ENTRY--TOPICAL TERM (OCLC, RLIN)
Topical term or geographic name as entry element ENVIRONMENTAL AND LAND CONSULTANCY-WASTE MANAGEMENT
856 40 - ELECTRONIC LOCATION AND ACCESS
Uniform Resource Identifier <a href="https://www.sepa.org.uk/waste/waste_regulation/guidance__position_statements.aspx">https://www.sepa.org.uk/waste/waste_regulation/guidance__position_statements.aspx</a>
Public note View the guidance free of charge at www.sepa.org.uk
942 ## - ADDED ENTRY ELEMENTS (KOHA)
Suppress in OPAC 0
Holdings
Withdrawn status Lost status Source of classification or shelving scheme Damaged status Not for loan Home library Current library Shelving location Date acquired Total Checkouts Full call number Barcode Date last seen Copy number Price effective from Koha item type
    Dewey Decimal Classification     Virtual Virtual Online 29/03/2010   ONLINE PUBLICATION 149625-2001 06/08/2019 1 06/08/2019 Book